|
|
|
|
| LEADER |
01727nam a2200373 4500 |
| 001 |
ocn648176619 |
| 003 |
OCoLC |
| 005 |
20180501121930.0 |
| 006 |
m o d |
| 007 |
cr cn||||||||| |
| 008 |
750720s2004 enka ob 001 0 eng d |
| 040 |
|
|
|a E7B
|b eng
|e pn
|c E7B
|d OCLCQ
|d OPELS
|d OCLCQ
|d OCLCF
|d OCLCQ
|d DEBBG
|d GrThAP
|
| 020 |
|
|
|a 0120335395
|q (electronic bk.)
|
| 020 |
|
|
|a 9780120335398
|q (electronic bk.)
|
| 035 |
|
|
|a (OCoLC)648176619
|
| 050 |
|
4 |
|a QD476
|b .A439 2004eb
|
| 082 |
0 |
4 |
|a 547/.13
|2 23
|
| 049 |
|
|
|a TEFA
|
| 245 |
0 |
0 |
|a Advances in physical organic chemistry.
|n Volume 39.
|
| 260 |
|
|
|a London ;
|a New York :
|b Academic Press,
|c 2004.
|
| 300 |
|
|
|a 1 online resource (viii, 315 pages) :
|b illustrations
|
| 336 |
|
|
|a text
|b txt
|2 rdacontent
|
| 337 |
|
|
|a computer
|b c
|2 rdamedia
|
| 338 |
|
|
|a online resource
|b cr
|2 rdacarrier
|
| 504 |
|
|
|a Includes bibliographical references and index.
|
| 588 |
0 |
|
|a Print version record.
|
| 520 |
|
|
|a Advances in Physical Organic Chemistry provides the chemical community with authoritative and critical assessments of the many aspects of physical organic chemistry. The field is a rapidly developing one, with results and methodologies finding application from biology to solid state physics.
|
| 650 |
|
0 |
|a Physical organic chemistry.
|
| 650 |
|
0 |
|a Chemistry, Organic.
|
| 650 |
|
7 |
|a Chemistry, Organic.
|2 fast
|0 (OCoLC)fst00853501
|
| 650 |
|
7 |
|a Physical organic chemistry.
|2 fast
|0 (OCoLC)fst01715687
|
| 655 |
|
4 |
|a Electronic books.
|
| 776 |
0 |
8 |
|i Print version:
|t Advances in physical organic chemistry. Volume 39.
|d London ; New York : Academic Press, 2004
|w (DLC) 62022125
|
| 856 |
4 |
0 |
|u https://www.sciencedirect.com/science/bookseries/00653160/39
|z Full Text via HEAL-Link
|